| 000 | 00361cam a2200145ua 4500 | ||
|---|---|---|---|
| 041 |
_aeng _h |
||
| 082 |
_a790 _bPOT/TH |
||
| 100 | _aPotter, Stephen . | ||
| 245 |
_aTheory and Practice of Games man ship / _cStephen Potter. _hTextual Documents |
||
| 260 |
_a : _bPenguin books , _c1962. |
||
| 300 | _a102 ; . | ||
| 504 | _a | ||
| 942 | _cBK | ||
| 999 |
_c780 _d780 |
||